Adrian Piper : (Record no. 1354)

MARC details
000 -LEADER
campo de control de longitud fija 01096nam a22002657a 4500
008 - DATOS DE LONGITUD FIJA--INFORMACIÓN GENERAL
campo de control de longitud fija 171104s2003 sp||||| |||| 00| 0 spa d
020 ## - NÚMERO INTERNACIONAL ESTÁNDAR DEL LIBRO
Número Internacional Estándar del Libro 8495951487
082 04 - NÚMERO DE LA CLASIFICACIÓN DECIMAL DEWEY
Número de clasificación 709.2
Número de ítem D988a
100 1# - ENTRADA PRINCIPAL--NOMBRE DE PERSONA
Nombre de persona Dávila, Mela.
9 (RLIN) 1969
245 10 - MENCIÓN DEL TÍTULO
Título Adrian Piper :
Resto del título desde 1965 /
Mención de responsabilidad, etc. edición por Mela Dávila ; curaduría por Manuel J. Borja-Villel ; Museu d'Art Contemporani de Barcelona (MACBA).
250 ## - MENCION DE EDICION
Mención de edición 1a edición.
260 ## - PUBLICACIÓN, DISTRIBUCIÓN, ETC.
Lugar de publicación, distribución, etc. Barcelona, España :
Nombre del editor, distribuidor, etc. MACBA ; Actar,
Fecha de publicación, distribución, etc. 2003.
300 ## - DESCRIPCIÓN FÍSICA
Extensión 267 páginas :
Otras características físicas ilustraciones.
500 ## - NOTA GENERAL
Nota general Catálogo publicado con motivo a la exposición "Adrian Piper: desde 1965", presentada del 17 de octubre de 2003 al 11 de enero de 2004, en Museu d'Art Contemporani de Barcelona (MACBA).
653 10 - TÉRMINO DE INDIZACIÓN--NO CONTROLADO
Término no controlado Arte contemporáneo
653 10 - TÉRMINO DE INDIZACIÓN--NO CONTROLADO
Término no controlado Catálogo de exhibición
653 10 - TÉRMINO DE INDIZACIÓN--NO CONTROLADO
Término no controlado Exhibiciones
653 10 - TÉRMINO DE INDIZACIÓN--NO CONTROLADO
Término no controlado Arte - Estados Unidos
653 10 - TÉRMINO DE INDIZACIÓN--NO CONTROLADO
Término no controlado Performance
653 10 - TÉRMINO DE INDIZACIÓN--NO CONTROLADO
Término no controlado Arte conceptual
653 10 - TÉRMINO DE INDIZACIÓN--NO CONTROLADO
Término no controlado Ensayos
653 10 - TÉRMINO DE INDIZACIÓN--NO CONTROLADO
Término no controlado Biografías artísticas
700 1# - ENTRADA AGREGADA--NOMBRE PERSONAL
Nombre de persona Borja-Villel, Manuel J.
Término indicativo de función/relación curador.
9 (RLIN) 1906
710 1# - ENTRADA AGREGADA--NOMBRE DE ENTIDAD CORPORATIVA
Nombre de entidad corporativa o nombre de jurisdicción como elemento de entrada Museu d'Art Contemporani de Barcelona (MACBA).
9 (RLIN) 6082
Holdings
Estatus retirado Estado de pérdida Fuente del sistema de clasificación o colocación Estado de daño No para préstamo Biblioteca de origen Biblioteca actual Ubicación en estantería Fecha de adquisición Total de préstamos Signatura topográfica completa Código de barras Visto por última vez Precio de reemplazo Tipo de ítem Koha
    Clasificación Decimal Dewey     Biblioteca LadoV Biblioteca LadoV   04/11/2017   709.2 D988a 000952 04/11/2017 04/11/2017 Material 01